Maria Chapdelaine, a tale of the Lake St. John Country / (Record no. 20605)

MARC details
000 -LEADER
fixed length control field 00535nam a2200181Ia 4500
008 - FIXED-LENGTH DATA ELEMENTS--GENERAL INFORMATION
fixed length control field 210303s9999 xx 000 0 und d
016 ## - NATIONAL BIBLIOGRAPHIC AGENCY CONTROL NUMBER
Source reto2022b
040 ## - CATALOGING SOURCE
Original cataloging agency NLN
Language of cataloging English
100 ## - MAIN ENTRY--AUTHOR
Author HEMON, Louis
Dates associated with a name 1880-1913
245 #0 - TITLE STATEMENT
Title Maria Chapdelaine, a tale of the Lake St. John Country /
Statement of responsibility, etc Louis Hemon
260 ## - PUBLICATION, DISTRIBUTION, ETC. (IMPRINT)
Place of publication Toronto :
Name of publisher MacMillan,
Date of publication 1958
300 ## - COLLATION
Pagination 198p.
Other physical details ; 18cm
563 ## - BINDING INFORMATION
Binding note (pbk)
650 ## - TRACINGS
Main Subject Hémon, Louis, 1880-1913. Maria Chapdelaine
942 ## - ADDED ENTRY ELEMENTS (KOHA)
Item type Books
050 ## - LIBRARY OF CONGRESS CALL NUMBER
Classification number PQ2615.E35
Item number M332
082 ## - DEWEY DECIMAL CLASSIFICATION NUMBER
Classification number 843.912
Holdings
Withdrawn status Lost status Source of classification or shelving scheme Damaged status Not for loan Home library Current library Date acquired Total Checkouts Full call number Barcode. Date last seen Price effective from Koha item type
    Library of Congress Classification     LAGOS BRANCH National Library of Nigeria 04/03/2021   PQ2615.E35 M332 2024-555555551000874 04/03/2021 04/03/2021 Books

National Library of Nigeria OPAC is powered by Koha